| 000 | 01386cam a2200397 a 4500 | ||
|---|---|---|---|
| 001 | 16041282 | ||
| 005 | 20170105102900.0 | ||
| 008 | 100105s2010 nyua b 001 0 eng | ||
| 010 | _a 2009052675 | ||
| 015 |
_aGBB039338 _2bnb |
||
| 016 | 7 |
_a015510815 _2Uk |
|
| 020 | _a9780415880541 (hardback) | ||
| 020 | _a0415880548 (hardback) | ||
| 020 | _a9780415880558 (pbk.) | ||
| 020 | _a0415880556 (pbk.) | ||
| 020 | _a9780203849538 (ebook) | ||
| 020 | _a0203849531 (ebook) | ||
| 035 | _a(OCoLC)ocn491892421 | ||
| 040 |
_aDLC _cDLC _dBTCTA _dYDXCP _dUKM _dC#P _dBWX _dCDX _dDLC |
||
| 050 | 0 | 0 |
_aJA85 _b.P6525 2010 |
| 082 | 0 | 0 |
_a320.014 _222 _bPOL 2010 |
| 245 | 0 | 0 |
_aPolitical emotions / _cedited by Janet Staiger, Ann Cvetkovich, and Ann Reynolds. |
| 260 |
_aNew York : _bRoutledge, _c2010. |
||
| 300 |
_axii, 258 p. : _bill. ; _c24 cm. |
||
| 490 | 1 | _aNew agendas in communication | |
| 504 | _aIncludes bibliographical references and index. | ||
| 650 | 0 |
_aCommunication in politics _xPsychological aspects. |
|
| 650 | 0 |
_aEmotions _xPolitical aspects. |
|
| 700 | 1 | _aStaiger, Janet. | |
| 700 | 1 |
_aCvetkovich, Ann, _d1957- |
|
| 700 | 1 | _aReynolds, Ann Morris. | |
| 830 | 0 | _aNew agendas in communication. | |
| 906 |
_a7 _bcbc _corignew _d1 _eecip _f20 _gy-gencatlg |
||
| 942 |
_2ddc _cBK |
||
| 999 |
_c14607 _d14607 |
||